000 nam a22 7a 4500
999 _c9960
_d9960
008 180209b ||||| |||| 00| 0 eng d
100 _aPerham, M
_96016
245 _aThe down mouse and the counrt mouse
260 _aLondon
_bLadybird Publication
_c1993